[Event "World Blitz 2025"]
[Site "Doha QAT"]
[Date "2025.12.29"]
[Round "11.33"]
[White "Amar, Elham"]
[Black "Sasikiran, Krishnan"]
[Result "1-0"]
[WhiteTitle "GM"]
[BlackTitle "GM"]
[WhiteElo "2592"]
[BlackElo "2538"]
[WhiteFideId "1533533"]
[BlackFideId "5004985"]
[EventDate "2025.12.29"]

1. e4 e5 2. Nc3 Nf6 3. d4 exd4 4. Qxd4 Nc6 5. Qd3 Be7 6. Bg5 h6 7. Bxf6 Bxf6 8.
f4 d6 9. O-O-O O-O 10. Kb1 Be6 11. a3 b5 12. e5 dxe5 13. Qe4 Bd7 14. Bxb5 exf4
15. Bxc6 Bxc6 16. Qxc6 Qb8 17. Nge2 Re8 18. Nd4 Re3 19. Nd5 Be5 20. Nxe3 1-0

[Event "World Blitz 2025"]
[Site "Doha QAT"]
[Date "2025.12.29"]
[Round "11.34"]
[White "Oro, Faustino"]
[Black "Makarian, Rudik"]
[Result "0-1"]
[WhiteTitle "IM"]
[BlackTitle "GM"]
[WhiteElo "2503"]
[BlackElo "2524"]
[WhiteFideId "20000197"]
[BlackFideId "44105681"]
[EventDate "2025.12.29"]

1. e4 e5 2. Nf3 Nc6 3. Bb5 a6 4. Ba4 Nf6 5. O-O Be7 6. Re1 b5 7. Bb3 O-O 8. a4
Rb8 9. axb5 axb5 10. c3 d6 11. h3 Be6 12. Bxe6 fxe6 13. d3 h6 14. Nbd2 Qd7 15.
Nf1 b4 16. Ng3 bxc3 17. bxc3 Ra8 18. Bd2 Rxa1 19. Qxa1 Nd8 20. Qa7 Nf7 21. Rb1
d5 22. Qa6 Nh7 23. d4 exd4 24. Nxd4 Bd6 25. exd5 exd5 26. Ngf5 Nf6 27. Nxd6 Nxd6
28. Bf4 Nfe4 29. Bxd6 Nxd6 30. f3 c5 31. Nc6 Nf5 32. Ne5 Qe7 33. f4 Qf6 34. Qd3
Qe6 35. Rb7 c4 36. Qd2 d4 37. cxd4 Rc8 38. d5 Qa6 39. Rb1 c3 40. Qc2 Nd4 41. Qe4
c2 42. Re1 c1=Q 43. Rxc1 Rxc1+ 44. Kh2 Qb6 45. Nd7 Qd8 46. Ne5 Nb5 47. Nc6 Qd6
48. Qe8+ Kh7 49. Ne5 Nd4 50. Qf7 Qf6 51. d6 Qxf7 52. Nxf7 Nc6 53. f5 Kg8 0-1

[Event "World Blitz 2025"]
[Site "Doha QAT"]
[Date "2025.12.29"]
[Round "11.35"]
[White "Tsaruk, Maksim"]
[Black "Keymer, Vincent"]
[Result "0-1"]
[WhiteTitle "GM"]
[BlackTitle "GM"]
[WhiteElo "2515"]
[BlackElo "2776"]
[WhiteFideId "13511173"]
[BlackFideId "12940690"]
[EventDate "2025.12.29"]

1. e4 e5 2. Bc4 Nf6 3. Nc3 Bb4 4. Nf3 d6 5. d3 O-O 6. O-O Bxc3 7. bxc3 h6 8. h3
Nc6 9. Re1 Re8 10. Rb1 b6 11. d4 Na5 12. Bd3 Bb7 13. Bd2 Nc6 14. Re2 Na5 15. Qe1
c5 16. d5 c4 17. Re3 cxd3 18. cxd3 Bc8 19. c4 Nb7 20. d4 Qc7 21. Rc1 Bd7 22. Bc3
Rac8 23. c5 bxc5 24. dxe5 dxe5 25. Ba1 c4 26. Qb4 a5 27. Qa3 Bb5 28. Rb1 Ba6 29.
Nxe5 Rxe5 30. Bxe5 Qxe5 31. Rb6 Nc5 32. Qxa5 Nfxe4 33. Rxa6 Nxa6 34. Qxa6 Rb8
35. Re1 0-1

[Event "World Blitz 2025"]
[Site "Doha QAT"]
[Date "2025.12.29"]
[Round "11.36"]
[White "Ahmad, Khagan"]
[Black "Stefansson, Vignir Vatnar"]
[Result "0-1"]
[WhiteTitle "IM"]
[BlackTitle "GM"]
[WhiteElo "2472"]
[BlackElo "2519"]
[WhiteFideId "13431552"]
[BlackFideId "2308649"]
[EventDate "2025.12.29"]

1. e4 c5 2. Nf3 d6 3. d4 cxd4 4. Qxd4 Nf6 5. Bg5 Nc6 6. Bb5 Bd7 7. Qd3 e6 8. Nc3
a6 9. Bxc6 Bxc6 10. O-O-O Be7 11. Nd4 Qc7 12. f4 Bd7 13. f5 O-O-O 14. Kb1 Kb8
15. Rhe1 Rc8 16. Nf3 h6 17. Bxf6 Bxf6 18. Qxd6 Bxc3 19. bxc3 Ba4 20. Ne5 exf5
21. exf5 Qxd6 22. Rxd6 Rxc3 23. Rd4 Bxc2+ 24. Kb2 Rhc8 25. Rc1 R3c7 26. g4 Ka7
27. Rd7 Rxd7 28. Nxd7 Rd8 29. Ne5 Be4 30. Rc4 Bg2 31. Nxf7 Rd2+ 32. Rc2 Rxc2+
33. Kxc2 Bh3 34. Nxh6 Kb6 35. Kd2 Kc7 36. f6 gxf6 37. Ke2 Kd6 38. Kf2 Ke5 39.
Kg3 Bf1 40. h4 Bc4 41. a3 b5 42. Nf5 Bd3 43. Ne7 Kd6 44. Ng8 Ke6 45. Kf4 a5 46.
g5 fxg5+ 47. hxg5 b4 48. axb4 a4 49. b5 a3 50. b6 Ba6 51. g6 a2 0-1

[Event "World Blitz 2025"]
[Site "Doha QAT"]
[Date "2025.12.29"]
[Round "11.37"]
[White "Pranav, Anand"]
[Black "Shimanov, Aleksandr"]
[Result "1-0"]
[WhiteTitle "GM"]
[BlackTitle "GM"]
[WhiteElo "2591"]
[BlackElo "2578"]
[WhiteFideId "46626786"]
[BlackFideId "4198603"]
[EventDate "2025.12.29"]

1. e4 d5 2. exd5 Qxd5 3. Nc3 Qd8 4. d4 Nf6 5. Nf3 c6 6. Bc4 b5 7. Bb3 e6 8. O-O
a5 9. a4 b4 10. Ne2 Bd6 11. Bg5 Nbd7 12. Re1 O-O 13. c3 c5 14. dxc5 Nxc5 15. Bc2
Bb7 16. Bxf6 gxf6 17. Ng3 bxc3 18. bxc3 Bxg3 19. hxg3 Qxd1 20. Rexd1 Be4 21.
Bxe4 Nxe4 22. c4 Rfc8 23. Rd4 Nc5 24. Rg4+ Kf8 25. Nd4 Nd3 26. Nb5 Ne5 27. Rh4
Kg7 28. Rc1 Ra6 29. Rd4 Rac6 30. Na3 Rc5 31. g4 Nc6 32. Rd7 Ne5 33. Rd4 Kf8 34.
f3 Nc6 35. Rd7 Ne5 36. Rd4 Nc6 37. Rd7 Ne5 38. Rd4 Ke7 39. Kh2 Nd7 40. Rb1 Ne5
41. Rb5 R8c7 42. Kg3 Nd7 43. Rd1 Rxb5 44. axb5 Nb6 45. Rc1 Kd6 46. Kh4 Kc5 47.
Rb1 Rd7 48. Rb3 a4 49. Re3 Rd2 50. Kg3 Ra2 51. Rd3 Nxc4 52. Nxc4 Kxc4 53. Rd7
Kxb5 54. Rxf7 a3 55. Rxf6 Re2 56. Rf7 a2 57. Ra7 Kb4 58. f4 Kc5 59. f5 exf5 60.
gxf5 Kb6 61. Ra8 Kb7 62. Ra5 Kb6 63. Ra8 Kb7 64. Ra4 Kb6 65. Kf3 Rb2 66. g4 h6
67. Kg3 Kb5 68. Ra8 Kc6 69. f6 Rb3+ 70. Kf4 Rb2 71. Kf5 Kb7 72. Ra4 Kb6 73. f7
Kb5 74. Ra8 Rf2+ 75. Kg6 Kc4 76. Rxa2 Kd5 1-0

[Event "World Blitz 2025"]
[Site "Doha QAT"]
[Date "2025.12.29"]
[Round "11.38"]
[White "Grandelius, Nils"]
[Black "Movahed, Sina"]
[Result "1-0"]
[WhiteTitle "GM"]
[BlackTitle "GM"]
[WhiteElo "2664"]
[BlackElo "2596"]
[WhiteFideId "1710400"]
[BlackFideId "42520835"]
[EventDate "2025.12.29"]

1. d4 Nf6 2. c4 g6 3. Nc3 Bg7 4. g3 O-O 5. Bg2 d6 6. Nf3 Nbd7 7. O-O e5 8. e4
exd4 9. Nxd4 Nc5 10. Rb1 Re8 11. Re1 Ng4 12. h3 Ne5 13. Bf1 Ne6 14. Nc2 Ng5 15.
Bxg5 Qxg5 16. Nd5 Qd8 17. Nce3 c6 18. Nc3 a5 19. f4 Nd7 20. Qxd6 a4 21. e5 Qa5
22. Ne4 Bf8 23. Qd1 Rd8 24. Qf3 Nc5 25. Nf6+ Kh8 26. Red1 Bg7 27. Rxd8+ Qxd8 28.
Rd1 Qe7 29. Ne4 Nxe4 30. Qxe4 Be6 31. Qd4 Bf8 1-0

[Event "World Blitz 2025"]
[Site "Doha QAT"]
[Date "2025.12.29"]
[Round "11.39"]
[White "Kevlishvili, Robby"]
[Black "Isanzhulov, Arystan"]
[Result "0-1"]
[WhiteTitle "GM"]
[BlackTitle "IM"]
[WhiteElo "2527"]
[BlackElo "2419"]
[WhiteFideId "1040634"]
[BlackFideId "13711644"]
[EventDate "2025.12.29"]

1. e4 c6 2. Nf3 d5 3. Nc3 dxe4 4. Nxe4 Nf6 5. Qe2 Na6 6. d3 Bg4 7. h3 Bh5 8. g3
e6 9. Bg2 Be7 10. O-O O-O 11. c3 Qa5 12. Bd2 Nxe4 13. dxe4 Rfd8 14. a4 Bxf3 15.
Bxf3 Bg5 16. Be1 Bf6 17. b4 Qc7 18. Rb1 Rd7 19. Bd2 Rad8 20. Rfd1 Nb8 21. Be1 b6
22. Qc2 c5 23. b5 c4 24. Be2 Be7 25. Kg2 Rc8 26. Rd4 Qb7 27. Rxc4 Bc5 28. a5
bxa5 29. Qa4 Bb6 30. Rxc8+ Qxc8 31. c4 Qc5 32. Rd1 g6 33. h4 h5 34. Qc2 Qc7 35.
Ra1 Rd8 36. Qa2 Qc5 37. Bf1 Rd4 38. Bxa5 Nd7 39. Bxb6 axb6 40. Qa8+ Kg7 41. Qc6
Rd2 42. Qxc5 Nxc5 43. Kf3 f5 44. exf5 gxf5 45. Ke3 Rc2 46. f3 Rc3+ 47. Kf2 Rc2+
48. Ke3 Rc3+ 49. Kf2 Rc2+ 50. Ke1 Kf6 51. Ra8 Rc1+ 52. Kf2 Rc2+ 53. Kg1 Rc1 54.
Rb8 Na4 55. Kf2 Rc2+ 56. Ke3 Rc3+ 57. Kf2 Rc2+ 58. Kg1 Rc3 59. Be2 Rc2 60. Kf1
Nc3 61. Bd3 Rd2 62. Bxf5 Kxf5 63. Rxb6 Rb2 64. Rb8 Ke5 65. b6 Kd4 66. b7 Ke3 67.
g4 Ne2 68. gxh5 Nf4 69. Kg1 Kxf3 70. h6 Ne2+ 71. Kh2 Nf4+ 72. Kg1 Rb1+ 73. Kh2
Rb2+ 74. Kg1 e5 75. h7 Nh3+ 76. Kh1 Nf2+ 77. Kg1 Rb1+ 0-1

[Event "World Blitz 2025"]
[Site "Doha QAT"]
[Date "2025.12.29"]
[Round "11.40"]
[White "Hovhannisyan, Robert"]
[Black "Siddharth, Jagadeesh"]
[Result "1-0"]
[WhiteTitle "GM"]
[BlackTitle "GM"]
[WhiteElo "2621"]
[BlackElo "2489"]
[WhiteFideId "13302507"]
[BlackFideId "5818320"]
[EventDate "2025.12.29"]

1. e4 d6 2. d4 Nf6 3. Nc3 e5 4. dxe5 dxe5 5. Qxd8+ Kxd8 6. Bc4 Ke8 7. a3 a6 8.
h4 h6 9. f3 Nbd7 10. h5 b5 11. Ba2 c6 12. Nge2 Nc5 13. Be3 Be6 14. Bxc5 Bxc5 15.
Bxe6 fxe6 16. a4 Ke7 17. Nc1 Bd4 18. Nd3 Bxc3+ 19. bxc3 Nd7 20. Ke2 Rhc8 21.
Rhb1 Kf6 22. c4 bxc4 23. Nb2 c3 24. Nc4 Rab8 25. a5 Nc5 26. Rb6 Ra8 27. Ra3 Rc7
28. Ke3 Nd7 29. Rb1 Raa7 30. Rxc3 Rab7 31. Nb6 Ke7 32. Nc8+ Kd8 33. Rxb7 Rxb7
34. Rxc6 Rb5 35. Nb6 Rxa5 36. Rd6 Kc7 37. Rxd7+ Kxb6 38. Rxg7 Ra3+ 39. Kd2 Kc5
40. Rg6 a5 41. Rxh6 a4 42. Rxe6 Ra1 43. Rxe5+ 1-0

[Event "World Blitz 2025"]
[Site "Doha QAT"]
[Date "2025.12.29"]
[Round "11.41"]
[White "Nguyen, Ngoc Truong Son"]
[Black "Giri, Anish"]
[Result "0-1"]
[WhiteTitle "GM"]
[BlackTitle "GM"]
[WhiteElo "2600"]
[BlackElo "2760"]
[WhiteFideId "12401110"]
[BlackFideId "24116068"]
[EventDate "2025.12.29"]

1. e4 c5 2. c3 d5 3. exd5 Nf6 4. Nf3 Nxd5 5. d4 e6 6. Bd3 Nc6 7. O-O cxd4 8.
cxd4 Be7 9. Nc3 O-O 10. a3 Bf6 11. Be4 Nce7 12. Qd3 h6 13. Bd2 b6 14. Ne5 Bxe5
15. dxe5 Bb7 16. Nb5 Ba6 17. a4 Qd7 18. Rfd1 Rfd8 19. Qg3 Bxb5 20. Bxh6 Ng6 21.
Bxg6 fxg6 22. axb5 gxh6 23. Qxg6+ Qg7 24. Qxe6+ Qf7 25. Qxh6 Qg7 26. Qe6+ Qf7
27. Qg4+ Qg7 28. Qe4 Ne7 29. Rd6 Rac8 30. h3 Kh8 31. Qh4+ Kg8 32. Qe4 Rf8 33.
Rd7 Rc5 34. Raxa7 Re8 35. f4 Qg3 36. Ra1 Rec8 37. Rad1 Rc4 38. Qd3 Qxd3 39.
R1xd3 Nf5 40. e6 Rxf4 41. Kh2 Re8 42. Rc7 0-1

[Event "World Blitz 2025"]
[Site "Doha QAT"]
[Date "2025.12.29"]
[Round "11.42"]
[White "Rakhmanov, Aleksandr"]
[Black "Svane, Rasmus"]
[Result "0-1"]
[WhiteTitle "GM"]
[BlackTitle "GM"]
[WhiteElo "2585"]
[BlackElo "2608"]
[WhiteFideId "4173708"]
[BlackFideId "4657101"]
[EventDate "2025.12.29"]

1. c4 Nf6 2. Nc3 e5 3. e3 Nc6 4. Nf3 Bb4 5. Nd5 Bd6 6. Qc2 Nxd5 7. cxd5 Nb4 8.
Qe4 O-O 9. a3 f5 10. Qc4 b5 11. Qb3 Na6 12. d4 e4 13. Ne5 Rb8 14. Bd2 Qf6 15.
Bxb5 Nc5 16. dxc5 Bxe5 17. d6+ Kh8 18. dxc7 Bxc7 19. Bc3 Be5 20. Qc4 Bxc3+ 21.
bxc3 Rxb5 22. O-O Qc6 23. Rfd1 Rxc5 24. Qd4 h6 25. Rac1 a6 26. h3 Rc4 27. Qe5
Qe6 28. Qg3 Rc6 29. c4 Qf6 30. Qf4 Qg5 31. Qb8 f4 32. exf4 Qxf4 33. Qb2 Rg6 34.
Rc3 Bb7 35. Re3 Bc6 36. c5 Qf6 37. Qd2 Qf5 38. Rde1 Rgf6 39. Rf1 Bb5 0-1

[Event "World Blitz 2025"]
[Site "Doha QAT"]
[Date "2025.12.29"]
[Round "11.43"]
[White "Erdogmus, Yagiz Kaan"]
[Black "Iturrizaga Bonelli, Eduardo"]
[Result "1-0"]
[WhiteTitle "GM"]
[BlackTitle "GM"]
[WhiteElo "2658"]
[BlackElo "2592"]
[WhiteFideId "44599790"]
[BlackFideId "3901211"]
[EventDate "2025.12.29"]

1. e4 c6 2. d4 d5 3. exd5 cxd5 4. Bd3 Nc6 5. c3 Qc7 6. Ne2 Bg4 7. O-O e6 8. Qe1
Bxe2 9. Qxe2 Bd6 10. g3 Nge7 11. Nd2 O-O 12. Nf3 Rfe8 13. Re1 Ng6 14. Ng5 Nf8
15. f4 f6 16. Nh3 e5 17. fxe5 fxe5 18. Qg2 e4 19. Bc2 Na5 20. Bf4 Ne6 21. Bxd6
Qxd6 22. Nf2 Rac8 23. Re2 Ng5 24. Kh1 Rf8 25. Ng4 Qe6 26. Ne3 b5 27. a4 b4 28.
cxb4 Nc4 29. Bb3 Nxe3 30. Rxe3 Kh8 31. Rc3 Qb6 32. b5 Qxd4 33. Rd1 Qb4 34. Qd2
Rcd8 35. Qxg5 d4 36. Qc5 1-0

[Event "World Blitz 2025"]
[Site "Doha QAT"]
[Date "2025.12.29"]
[Round "11.44"]
[White "Mamedov, Rauf"]
[Black "Kozak, Adam"]
[Result "1-0"]
[WhiteTitle "GM"]
[BlackTitle "GM"]
[WhiteElo "2645"]
[BlackElo "2546"]
[WhiteFideId "13401653"]
[BlackFideId "753246"]
[EventDate "2025.12.29"]

1. e4 e6 2. d4 d5 3. e5 c5 4. c3 Nc6 5. Nf3 Bd7 6. Bd3 Rc8 7. O-O h6 8. dxc5
Bxc5 9. Nbd2 Nge7 10. Nb3 Bb6 11. Re1 a5 12. a4 O-O 13. Bc2 Re8 14. h4 Ng6 15.
h5 Ngxe5 16. Rxe5 Nxe5 17. Nxe5 Qf6 18. Ng4 Qh4 19. Be3 Bc7 20. Nc5 Bc6 21. Nd3
e5 22. Ne1 e4 23. g3 Qh3 24. Ng2 Bd7 25. Nh2 Bc6 26. Qg4 Qxg4 27. Nxg4 Bd7 28.
Nh2 Re5 29. Bd1 Re6 30. Bg4 Re7 31. Bc5 Bxg4 32. Bxe7 Bxh5 33. Ne3 Re8 34. Nxd5
Bb8 35. Ba3 f5 36. Ne7+ Kf7 37. Nxf5 Rd8 38. Nd4 Ba7 39. g4 Bg6 40. Rd1 Kg8 41.
Nf1 Be8 42. b3 b5 43. axb5 Bxb5 44. Ne3 Bd3 45. Nc6 Rd7 46. Nxa7 Rxa7 47. Bc5
Rb7 48. b4 axb4 49. cxb4 Kf7 50. Kg2 Kf6 51. Kg3 g6 52. f3 h5 53. fxe4 Bxe4 54.
Rd4 Bh1 55. Kh2 1-0

[Event "World Blitz 2025"]
[Site "Doha QAT"]
[Date "2025.12.29"]
[Round "11.45"]
[White "Madaminov, Mukhiddin"]
[Black "Sargsyan, Shant"]
[Result "0-1"]
[WhiteTitle "GM"]
[BlackTitle "GM"]
[WhiteElo "2552"]
[BlackElo "2665"]
[WhiteFideId "14210703"]
[BlackFideId "13306766"]
[EventDate "2025.12.29"]

1. e4 e5 2. Nf3 Nc6 3. Bb5 a6 4. Ba4 Nf6 5. O-O Be7 6. d3 b5 7. Bb3 d6 8. Bd2
O-O 9. h3 Rb8 10. a4 b4 11. Bg5 Na5 12. Ba2 b3 13. Bxb3 Nxb3 14. cxb3 c5 15. Na3
Be6 16. Nd2 Nd7 17. Be3 Rb4 18. Nac4 Qb8 19. Qc2 Nb6 20. f3 f5 21. Bf2 f4 22.
Rfc1 g5 23. Be1 Nxc4 24. dxc4 h5 25. Qd3 Kf7 26. Kf1 g4 27. hxg4 hxg4 28. fxg4
Rg8 29. Rc3 Rxg4 30. Qh3 Rh4 31. Bxh4 Bxh3 32. Rxh3 Bxh4 33. Rxh4 Rxb3 34. Nxb3
Qxb3 35. Re1 Qxc4+ 36. Re2 Kg6 37. Rh3 Qxa4 38. Rd3 Qc6 39. Rc3 Kf6 40. Kf2 Qa4
41. Rd3 Ke6 42. g3 Qc4 43. Rf3 Qd4+ 44. Kf1 Qd1+ 45. Kf2 fxg3+ 46. Rxg3 c4 47.
Rge3 a5 48. Re1 Qd4 49. Re2 a4 50. Ke1 Kd7 51. Ra3 Qa7 52. Kd1 Kc6 53. Kc2 Kb5
54. Rc3 Kb4 55. Ra3 Qh7 56. Rc3 d5 57. Kc1 Qh1+ 58. Kd2 d4 59. Rg3 Qb1 60. Rg8
Qxb2+ 61. Ke1 Qc1+ 62. Kf2 d3 63. Rb8+ Kc3 64. Re1 Qf4+ 65. Kg2 d2 66. Ra1 d1=Q
67. Ra3+ Qb3 0-1

[Event "World Blitz 2025"]
[Site "Doha QAT"]
[Date "2025.12.29"]
[Round "11.46"]
[White "Gavrilescu, David"]
[Black "Matlakov, Maxim"]
[Result "0-1"]
[WhiteTitle "GM"]
[BlackTitle "GM"]
[WhiteElo "2542"]
[BlackElo "2606"]
[WhiteFideId "1227190"]
[BlackFideId "4168003"]
[EventDate "2025.12.29"]

1. e4 c5 2. Nf3 e6 3. d4 cxd4 4. Nxd4 Nc6 5. Nc3 a6 6. Nxc6 bxc6 7. e5 Qc7 8.
Bf4 Ne7 9. Ne4 Ng6 10. Nd6+ Bxd6 11. exd6 Qb6 12. Bc1 c5 13. h4 h5 14. Rh3 Bb7
15. c4 Be4 16. b3 Qc6 17. f3 Bf5 18. Rg3 a5 19. Bb2 f6 20. Bd3 Kf7 21. Bxf5 exf5
22. Qd3 Rae8+ 23. Kf2 Nf4 24. Qxf5 Qxd6 25. Kf1 g6 26. Qc2 Re2 27. Qc3 Rhe8 28.
Rb1 Nd3 29. f4 Qxf4+ 30. Rf3 Rf2+ 31. Kg1 Rxf3 0-1

[Event "World Blitz 2025"]
[Site "Doha QAT"]
[Date "2025.12.29"]
[Round "11.47"]
[White "Donchenko, Alexander"]
[Black "Gurel, Ediz"]
[Result "0-1"]
[WhiteTitle "GM"]
[BlackTitle "GM"]
[WhiteElo "2661"]
[BlackElo "2645"]
[WhiteFideId "24603295"]
[BlackFideId "44507356"]
[EventDate "2025.12.29"]

1. d4 Nf6 2. c4 e6 3. g3 d5 4. Bg2 dxc4 5. Qa4+ Nbd7 6. Qxc4 Be7 7. Nf3 O-O 8.
O-O a6 9. Qc2 c5 10. Nc3 cxd4 11. Nxd4 Nc5 12. Rd1 Qc7 13. Be3 Bd7 14. Rac1 Rac8
15. Qb1 Qb8 16. h3 h6 17. Rd2 Rfd8 18. Rcd1 Be8 19. Bf4 Qa7 20. Be3 Qb8 21. Bf4
Qa7 22. Be3 Qa8 23. Nf3 Rxd2 24. Rxd2 b5 25. Ne5 Qb8 26. Bf4 Qb6 27. Be3 b4 28.
Ne4 Nfxe4 29. Bxe4 Qb5 30. Bf3 Na4 31. Nd3 Bf6 32. Rc2 Rd8 33. Qc1 Nb6 34. Rc5
Qa4 35. b3 Qxa2 36. Rc2 Qa5 37. Rc5 Qa3 38. Qxa3 bxa3 39. Ra5 Na4 40. Nb4 Bc3
41. bxa4 0-1

[Event "World Blitz 2025"]
[Site "Doha QAT"]
[Date "2025.12.29"]
[Round "11.48"]
[White "Samunenkov, Ihor"]
[Black "Vokhidov, Shamsiddin"]
[Result "1/2-1/2"]
[WhiteTitle "GM"]
[BlackTitle "GM"]
[WhiteElo "2584"]
[BlackElo "2641"]
[WhiteFideId "14187086"]
[BlackFideId "14204223"]
[EventDate "2025.12.29"]

1. d4 Nf6 2. c4 e6 3. Nf3 d5 4. g3 Be7 5. Bg2 O-O 6. O-O dxc4 7. Qc2 a6 8. a4
Bd7 9. Qxc4 Bc6 10. Bf4 Bd6 11. Qc1 h6 12. Rd1 Nbd7 13. a5 Qe7 14. Nc3 Nd5 15.
Nxd5 Bxd5 16. Qc2 Bxf4 17. gxf4 Bxf3 18. Bxf3 c6 19. e3 Rad8 20. Kh1 f5 21. Rg1
Nf6 22. Rg2 Rd7 23. Qc4 Nd5 24. Rag1 Qe8 25. Qe2 Rf6 26. Bh5 Qd8 27. Qe1 Qf8 28.
Bf3 Kh7 29. Rg3 Qb4 30. Qxb4 Nxb4 31. Be2 Kg8 32. Bc4 Nd5 33. h4 Kf8 34. Kg2 Rd8
35. Kf3 Rd7 36. Ke2 Kg8 37. Rc1 Kf7 38. h5 Kf8 39. Rcg1 Re7 40. Kd3 Rff7 41. Kc2
Nf6 42. Rg6 Re8 43. Kb3 Rfe7 44. Rh1 Rf7 45. Rhg1 Rfe7 46. Rh1 Rf7 47. Rhg1 1/2-1/2

[Event "World Blitz 2025"]
[Site "Doha QAT"]
[Date "2025.12.29"]
[Round "11.49"]
[White "Ganguly, Surya Shekhar"]
[Black "Pantsulaia, Levan"]
[Result "0-1"]
[WhiteTitle "GM"]
[BlackTitle "GM"]
[WhiteElo "2568"]
[BlackElo "2472"]
[WhiteFideId "5002150"]
[BlackFideId "13602071"]
[EventDate "2025.12.29"]

1. Nf3 c5 2. e4 e6 3. d4 cxd4 4. Qxd4 Nc6 5. Qe3 a6 6. Bd2 Qc7 7. Nc3 Nf6 8.
O-O-O Be7 9. h3 b5 10. e5 Ng8 11. Kb1 Bb7 12. Bd3 f6 13. exf6 Nxf6 14. g4 Nb4
15. Rhe1 Nxd3 16. Qxd3 O-O 17. Bg5 h6 18. Bxf6 Bxf6 19. Ne4 Bxe4 20. Rxe4 Rac8
21. c3 Rf7 22. h4 Rcf8 23. Re3 Qf4 24. Qg6 Bd8 25. Ne5 Qxf2 26. Nxf7 Qxe3 27.
Rxd7 Bxh4 28. a3 Bf6 29. Ka2 Qf4 30. Nd6 a5 31. Ne4 Qe5 32. Nxf6+ Qxf6 33. Qe4
e5 34. Qd5+ Kh7 35. Qxb5 Qe6+ 36. Rd5 Qxg4 37. Rxe5 a4 38. Qd3+ Qg6 39. Qxg6+
Kxg6 40. Re4 h5 41. Rxa4 Kf5 42. b4 h4 43. b5 g5 44. b6 h3 45. Ra7 Rh8 46. b7
Rb8 47. Ra5+ Kf4 48. Rb5 h2 49. Rb1 g4 0-1

[Event "World Blitz 2025"]
[Site "Doha QAT"]
[Date "2025.12.29"]
[Round "11.50"]
[White "Sahidi, Samir"]
[Black "Quparadze, Giga"]
[Result "0-1"]
[WhiteTitle "IM"]
[BlackTitle "GM"]
[WhiteElo "2516"]
[BlackElo "2502"]
[WhiteFideId "14936372"]
[BlackFideId "13602250"]
[EventDate "2025.12.29"]

1. e4 c5 2. Nf3 e6 3. d4 cxd4 4. Nxd4 a6 5. Nc3 b5 6. a3 Bb7 7. Bd3 Nc6 8. Nxc6
Bxc6 9. O-O Ne7 10. f4 Ng6 11. Be3 Be7 12. Qe2 O-O 13. Rad1 Rb8 14. e5 f5 15.
exf6 Bxf6 16. Bc1 Qb6+ 17. Kh1 Bxc3 18. bxc3 Qc5 19. Bxg6 hxg6 20. Qe5 Qxe5 21.
fxe5 Rf5 22. Rde1 Bd5 23. Kg1 Rc8 24. Bd2 Rc4 25. h3 Be4 26. Rxf5 gxf5 27. Kf2
Bxc2 28. g3 Be4 29. Rc1 Ra4 30. Ra1 Bd5 31. Be3 a5 32. Bd2 Re4 33. Re1 Rc4 34.
Rb1 Bc6 35. h4 Kf7 36. Re1 Kg6 37. Re3 Be4 38. Re1 Rc5 39. Ra1 Rxe5 40. a4 bxa4
41. Rxa4 Bc6 42. Rd4 Rb5 43. g4 Rb2 44. h5+ Kf7 45. gxf5 exf5 46. Kg3 a4 47. Bf4
a3 48. Rb4 Rg2+ 0-1

[Event "World Blitz 2025"]
[Site "Doha QAT"]
[Date "2025.12.29"]
[Round "11.51"]
[White "Sychev, Klementy"]
[Black "Lobanov, Sergei"]
[Result "1/2-1/2"]
[WhiteTitle "GM"]
[BlackTitle "GM"]
[WhiteElo "2517"]
[BlackElo "2527"]
[WhiteFideId "4114060"]
[BlackFideId "24183750"]
[EventDate "2025.12.29"]

1. e4 c5 2. Nf3 Nc6 3. d4 cxd4 4. Nxd4 Nf6 5. Nc3 e5 6. Ndb5 d6 7. Bg5 a6 8. Na3
b5 9. Bxf6 gxf6 10. Nd5 f5 11. g3 fxe4 12. Bg2 Bg7 13. Bxe4 Be6 14. Qh5 Rc8 15.
Rd1 Ne7 16. O-O Nxd5 17. Bxd5 O-O 18. Bxe6 fxe6 19. Qg4 Qe7 20. c4 1/2-1/2

[Event "World Blitz 2025"]
[Site "Doha QAT"]
[Date "2025.12.29"]
[Round "11.52"]
[White "Tran, Thanh Tu"]
[Black "Tabatabaei, M. Amin"]
[Result "0-1"]
[WhiteTitle "IM"]
[BlackTitle "GM"]
[WhiteElo "2402"]
[BlackElo "2700"]
[WhiteFideId "12401404"]
[BlackFideId "12521213"]
[EventDate "2025.12.29"]

1. d4 Nf6 2. Nc3 d5 3. Bf4 c5 4. e3 cxd4 5. exd4 a6 6. Bd3 Nc6 7. Nge2 Bg4 8. f3
Bh5 9. g4 Bg6 10. h4 e6 11. a3 Bd6 12. h5 Bxd3 13. Qxd3 h6 14. O-O-O Qc7 15. Qe3
O-O-O 16. Bxd6 Qxd6 17. Nf4 Na5 18. Nd3 Nc4 19. Qf4 Qxf4+ 20. Nxf4 Kb8 21. a4
Rc8 22. Rd3 Rc6 23. b3 Nd6 24. Nd1 b5 25. axb5 axb5 26. Kb2 b4 27. Ne3 Nh7 28.
Ra1 Ng5 29. Ra4 Rb6 30. Nf1 Kb7 31. Nd2 Ra8 32. Rxa8 Kxa8 33. Re3 Nb5 34. Ne2
Nh7 35. f4 Nf6 36. g5 hxg5 37. fxg5 Nxh5 38. Nf3 g6 39. Ne5 Nd6 40. Nd3 Nf5 41.
Rf3 Kb8 42. Rf1 Rb7 43. Ra1 Nhg3 44. Nxg3 Nxg3 45. Nc5 Ra7 46. Na6+ Kb7 47. Nc5+
Kb6 48. Re1 Nf5 49. c3 bxc3+ 50. Kxc3 Ra2 51. Na4+ Kb5 52. Rh1 Rg2 53. Rh7 Rg3+
54. Kd2 Nxd4 55. Nc3+ Kb4 56. Nd1 Nf3+ 57. Ke2 Nxg5 58. Rh8 Kxb3 59. Rb8+ Kc4
60. Ne3+ Kc5 61. Rc8+ Kd6 62. Ra8 Ne4 63. Ra7 f5 64. Ra6+ Ke5 65. Nf1 Rb3 66.
Ra8 g5 67. Ne3 d4 68. Nc4+ Kf4 0-1

[Event "World Blitz 2025"]
[Site "Doha QAT"]
[Date "2025.12.29"]
[Round "11.53"]
[White "Theodorou, Nikolas"]
[Black "Hong, Andrew"]
[Result "1/2-1/2"]
[WhiteTitle "GM"]
[BlackTitle "GM"]
[WhiteElo "2652"]
[BlackElo "2568"]
[WhiteFideId "4262875"]
[BlackFideId "2099438"]
[EventDate "2025.12.29"]

1. d4 Nf6 2. Nf3 d5 3. c4 e6 4. g3 Be7 5. Bg2 O-O 6. Qc2 b6 7. cxd5 exd5 8. O-O
Bb7 9. Nc3 Nbd7 10. Rd1 a6 11. Bf4 Nh5 12. Ne5 Nxf4 13. gxf4 Nf6 14. e3 Rc8 15.
Bh3 Ra8 16. Ne2 c5 17. Ng3 cxd4 18. exd4 g6 19. f5 Kg7 20. Kh1 Ne4 21. Rg1 Kh8
22. Qe2 Bd6 23. f4 Qh4 24. Nxe4 dxe4 25. Qe3 Rad8 26. Rg4 Qf6 27. Rag1 gxf5 28.
Rg5 Bxe5 29. dxe5 Rd3 30. exf6 Rxe3 31. Bxf5 Re2 32. Rc1 e3+ 33. Kg1 Rxb2 34. h4
h6 35. Rg7 Rg8 36. Rxg8+ Kxg8 37. a4 Rd2 38. Kf1 Kf8 39. Rc7 Rd5 40. Be4 Rd4 41.
Bxb7 Rxf4+ 42. Ke2 Rxf6 43. Bxa6 Rf4 44. Bb5 Rxh4 45. Kxe3 Rg4 46. Bc4 f5 47.
Bb5 h5 48. Rc6 h4 49. Rxb6 Kg7 50. a5 h3 51. a6 h2 52. Bc6 Rc4 53. Bg2 Ra4 54.
Kf2 Ra1 55. Kg3 h1=Q 56. Bxh1 Rxh1 57. Kf4 Kf7 58. Kxf5 Ke7 59. Ke5 Kd7 60. Rg6
Kc7 61. Kd5 Kb8 62. Rg7 Ra1 63. a7+ Rxa7 64. Rg8+ Kb7 65. Rg7+ Kb6 66. Rxa7 Kxa7
67. Ke4 1/2-1/2